| Tag |
First Indicator |
Second Indicator |
Subfields |
| LEADER |
00000cam a2200000 a 4500 |
| 001 |
in00001410159 |
| 005 |
20151020060909.0 |
| 008 |
960116s1996 cou b 001 0 eng |
| 010 |
|
|
|a 96000465
|
| 015 |
|
|
|a GB97-14956
|
| 019 |
|
|
|a 36719521
|
| 020 |
|
|
|a 0813324408
|
| 020 |
|
|
|a 0813324416 (pbk.)
|
| 035 |
|
|
|a (OCoLC)34115526
|
| 035 |
|
|
|9 AHN8125AM
|
| 040 |
|
|
|a DLC
|c DLC
|d C#P
|d YHM
|d UKM
|d TXA
|d UtOrBLW
|
| 043 |
|
|
|a n-mx---
|
| 049 |
|
|
|a TXAM
|
| 050 |
0 |
0 |
|a HC135
|b .N415 1996
|
| 082 |
0 |
0 |
|a 338.972
|2 20
|
| 245 |
0 |
0 |
|a Neoliberalism revisited :
|b economic restructuring and Mexico's political future /
|c edited by Gerardo Otero.
|
| 246 |
3 |
0 |
|a Economic restructuring and Mexico's political future
|
| 264 |
|
1 |
|a Boulder, Colo. :
|b Westview Press,
|c 1996.
|
| 300 |
|
|
|a ix, 278 pages ;
|c 24 cm.
|
| 336 |
|
|
|a text
|b txt
|2 rdacontent
|
| 337 |
|
|
|a unmediated
|b n
|2 rdamedia
|
| 338 |
|
|
|a volume
|b nc
|2 rdacarrier
|
| 504 |
|
|
|a Includes bibliographical references and index.
|
| 505 |
0 |
0 |
|t Neoliberal reform and politics in Mexico : an overview /
|r Gerardo Otero --
|t NAFTA and the struggle for neoliberalism : Mexico's elusive quest for first world status /
|r Gustavo del Castillo V. --
|t Debt crisis and economic restructuring : prospects for Mexican agriculture /
|r Marilyn Gates --
|t From export-oriented to import-oriented industrialization : changes in Mexico's manufacturing sector, 1988-1994 /
|r Enrique Dussel Peters --
|t Mexico's "old" and "new" Maquiladora industries : contrasting approaches to North American integration /
|r Gary Gereffi --
|
| 505 |
0 |
0 |
|t Mexican political pretransition in comparative perspective /
|r Ilán Semo --
|t Private sector and political regime change in Mexico /
|r Francisco Valdés Ugalde --
|t Economic restructuring, state-labor relations, and the transformation of Mexican corporatism /
|r Judith Teichman --
|t Democracy for whom? women's grassroots political activism in the 1990s, Mexico City and Chiapas /
|r Lynn Stephen --
|t Rural reforms and the Zapatista rebellion : Chiapas, 1988-1995 /
|r Neil Harvey --
|t Crossing borders : labor internationalism in the era of NAFTA /
|r Barry Carr --
|t Mexico's economic and political futures /
|r Gerardo Otero .
|
| 651 |
|
0 |
|a Mexico
|x Economic conditions
|y 1994-
|
| 651 |
|
0 |
|a Mexico
|x Economic policy
|y 1994-
|
| 650 |
|
0 |
|a Structural adjustment (Economic policy)
|z Mexico.
|
| 651 |
|
0 |
|a Mexico
|x Politics and government
|y 1988-2000.
|
| 651 |
|
4 |
|a Mexico
|x Economic conditions
|y 1994-
|
| 651 |
|
4 |
|a Mexico
|x Economic policy
|y 1994-
|
| 651 |
|
4 |
|a Mexico
|x Politics and government
|y 1988-
|
| 700 |
1 |
|
|a Otero, Gerardo.
|
| 948 |
|
|
|a c:cer
|d 20031105
|
| 999 |
|
|
|a MARS
|
| 999 |
f |
f |
|s fcb81b44-919c-368b-92fd-63f432d4e171
|i f3614c6e-63cd-32ca-8979-4cb46669ef9b
|t 0
|
| 952 |
f |
f |
|p ric
|a Texas A&M University
|b Rellis Campus
|c Joint Library Facility
|d Remote Storage
|t 0
|e HC135 .N415 1996
|h Library of Congress classification
|i unmediated -- volume
|m A14822470765
|
| 998 |
f |
f |
|a HC135 .N415 1996
|t 0
|l Remote Storage
|